Type From A To Z - Statistics

General Stats
  • This quiz has been taken 480 times
  • The average score is 22 of 26
Answer Stats
Answer % Correct
a
92%
e
92%
f
91%
b
90%
d
90%
q
90%
c
89%
h
89%
i
89%
g
88%
r
88%
o
86%
t
86%
w
86%
j
84%
p
84%
k
83%
l
83%
m
83%
n
83%
s
83%
u
83%
y
81%
v
79%
z
78%
x
76%
No matching quizzes found
Score Distribution
Percent of People with Each Score
Percentile by Number Answered
Your Score History
You have not taken this quiz